The Toyota way to healthcare excellence (Record no. 35826)
[ view plain ]
| 000 -LEADER | |
|---|---|
| fixed length control field | 01699nam a2200397Ia 4500 |
| 082 04 - DEWEY DECIMAL CLASSIFICATION NUMBER | |
| Classification number | 362.1068 |
| 100 1# - MAIN ENTRY--AUTHOR NAME | |
| Personal name | Black, John R. |
| 245 14 - TITLE STATEMENT | |
| Title | The Toyota way to healthcare excellence |
| 260 ## - PUBLICATION, DISTRIBUTION, ETC. (IMPRINT) | |
| Place of publication | Chicago : |
| Name of publisher | Health Administration Press, |
| Year of publication | c2008. |
| 300 ## - PHYSICAL DESCRIPTION | |
| Number of Pages | xiii, 255 p. : |
| Other physical details | ill. |
| 490 1# - SERIES STATEMENT | |
| Series statement | American College of Healthcare Executives management series |
| 650 #0 - SUBJECT ADDED ENTRY--TOPICAL TERM | |
| Topical Term | Medical care |
| Topical Term | Medical care |
| Topical Term | Health services administration |
| Topical Term | Chief executive officers |
| Topical Term | Hospital administrators |
| Topical Term | Organizational effectiveness |
| 700 1# - ADDED ENTRY--PERSONAL NAME | |
| Personal name | Miller, David, |
| 856 40 - ELECTRONIC LOCATION AND ACCESS | |
| Uniform Resource Identifier | http://site.ebrary.com/lib/rucke/Doc?id=10251376 |
No items available.
